La cooperación mexicana con Centroamericana 1996
Збережено в:
| Співавтор: | |
|---|---|
| Формат: | Текст |
| Опубліковано: |
México, D.F.:
CMCC
|
| Теги: |
Додати тег
Немає тегів, Будьте першим, хто поставить тег для цього запису!
|
MARC
| LEADER | 00000 a a2200000 04500 | ||
|---|---|---|---|
| 001 | 22830 | ||
| 003 | |||
| 040 | |||
| 090 | |a 157200 | ||
| 110 | |a Comisión Mexicana para la Cooperación con Centroamérica | ||
| 245 | |a La cooperación mexicana con Centroamericana 1996 | ||
| 260 | |a México, D.F.: |b CMCC | ||
| 300 | |a 32 p. |b il. | ||
| 999 | |c 11182 |d 11182 | ||
